載入...

Women empowerment and microfinance

書目詳細資料
主要作者: Dr.Puspita Das
出版: Biotech 2014
LEADER 00189 a2200085 4500
100 |a Dr.Puspita Das 
245 |a Women empowerment and microfinance 
260 |c 2014  |b Biotech 
942 |c BK  |6 _ 
999 |c 70899  |d 70899